Datum a čas kvízu
46.5
Celkem bodů
Celkový počet nahraných bodů na tomto kvízu bez doplňovacích otázek.
1.
Pořadí na kvízu
Konečné umístění týmu na tomto kvízu.
Zaznamenané odpovědi
| # | Otázka | Odpověď | Body | Výsledky |
|---|---|---|---|---|
| 1. | Senát ve středu zvolil svého p... | Miloš Vystrčil | 1 | |
| 2. | Mluvčí afghánského radikálního... | Tálibán | 1 | |
| 3. | Hudební festival TrutnOFF Brno... | Parov Stelar | 1 | |
| 4. | Minulý týden vydal Krajský sou... | Mladá fronta | 1 | |
| 5. | Sparťanský trenér Václav Jílek... | Václav Kotal | 1 | |
| 6. | Na tento týden připadá období... | bachyně | 1 | |
| 7. | S tímto zvláštně vypadajícím p... | (prase) bradavičnaté | 1 | |
| 8. | Již delší dobu se experimentuj... | xenotransplantace | 1 | |
| 9. | Prase je čistotné a inteligent... | D | 0 | |
| 10. | Obliba miniprasátek jako domác... | Alan Alexander Milne | 1 |